[Event "Gibtelecom Masters"]
[Site "Gibraltar"]
[Date "2008.01.27"]
[Round "6.32"]
[White "Quillan, Gary"]
[Black "Harika, Dronavalli"]
[Result "0-1"]
[WhiteElo "2362"]
[BlackElo "2455"]
[PlyCount "81"]
[EventDate "2008.01.22"]

1. e4 c5 2. Nf3 Nc6 3. Bb5 d6 4. O-O Bd7 5. c3 Nf6 6. Re1 a6 7. Ba4 b5 8. Bc2
Bg4 9. d3 e6 10. Nbd2 Be7 11. h3 Bh5 12. Nf1 O-O 13. Ng3 Bg6 14. Nh4 Nd7 15.
Nxg6 hxg6 16. d4 cxd4 17. cxd4 e5 18. d5 Nd4 19. Bb1 Rc8 20. Be3 Qa5 21. a3 Qa4
22. Bxd4 exd4 23. b3 Qa5 24. Ne2 Bf6 25. Ra2 Qb6 26. b4 a5 27. Rc2 axb4 28.
axb4 Rc4 29. Ba2 Rxb4 30. Rc6 Qa7 31. Nc1 Ne5 32. Rxd6 Be7 33. Rc6 Nxc6 34.
dxc6 Ra4 35. Re2 Bg5 36. Rc2 Bxc1 37. c7 Rc8 38. Qxc1 Rxa2 39. Qg5 Ra1+ 40. Kh2
Qa8 41. Rc6 0-1

[Event "Gibtelecom Masters"]
[Site "Gibraltar"]
[Date "2008.01.27"]
[Round "6.33"]
[White "Dimitrov, Pavel"]
[Black "Rodriguez Lopez, Rafael"]
[Result "0-1"]
[WhiteElo "2448"]
[BlackElo "2285"]
[PlyCount "184"]
[EventDate "2008.01.22"]

1. e4 c5 2. Nf3 d6 3. d4 Nf6 4. Nc3 cxd4 5. Nxd4 a6 6. a4 e6 7. g3 Nc6 8. Bg2
Bd7 9. Nde2 Be7 10. O-O O-O 11. Be3 Rc8 12. b3 Qc7 13. h3 Nb4 14. g4 d5 15. e5
Ne8 16. f4 f6 17. exf6 Bxf6 18. Bd2 d4 19. Ne4 Nxc2 20. Ra2 d3 21. Nc1 Bd4+ 22.
Kh1 Ne3 23. Bxe3 Bxe3 24. Nxd3 Bc6 25. Ng5 Bxg2+ 26. Rxg2 Qb6 27. Qe2 Nc7 28.
a5 Qd4 29. Rf3 Qa1+ 30. Kh2 Bd4 31. Qe4 g6 32. f5 exf5 33. gxf5 Rce8 34. Qh4
Be5+ 35. Nxe5 Qxe5+ 36. Rfg3 Re7 37. Nf3 Qd6 38. Rd2 Nd5 39. Qg4 Rf6 40. h4 Ne3
41. Qh3 Qc7 42. Kh1 Nf1 43. Rxg6+ hxg6 44. Qxf1 Rxf5 45. Qg2 Kg7 46. Rd3 Qc1+
47. Kh2 Qf4+ 48. Kh1 Qe4 49. Rc3 Ref7 50. Ng1 Qxg2+ 51. Kxg2 Rxa5 52. Nf3 Raf5
53. Ng5 Re7 54. Kg3 Kf6 55. Kg4 Rd7 56. Ne4+ Ke5 57. Ng5 Rd4+ 58. Kg3 Rb4 59.
Nf3+ Kd5 60. Rd3+ Kc5 61. Rc3+ Kb6 62. Nd2 Rc5 63. Rd3 Kc7 64. Re3 g5 65. h5
Rh4 66. Ne4 Rf5 67. Kg2 Rxh5 68. Ng3 g4 69. Nxh5 Rxh5 70. Re4 Rg5 71. Kg3 Rg7
72. Re6 a5 73. Rf6 b6 74. Re6 Kb7 75. Rf6 Ka6 76. Rf5 Rg6 77. Re5 b5 78. Rf5 a4
79. bxa4 bxa4 80. Re5 Rg7 81. Re6+ Kb5 82. Re5+ Kb4 83. Re4+ Kb3 84. Re3+ Kc2
85. Re2+ Kd3 86. Ra2 Ra7 87. Ra3+ Kc2 88. Kxg4 Kb2 89. Rh3 a3 90. Rh2+ Kb3 91.
Rh3+ Kb4 92. Rh1 a2 0-1

[Event "Gibtelecom Masters"]
[Site "Gibraltar"]
[Date "2008.01.27"]
[Round "6.34"]
[White "Forsaa, Espen"]
[Black "Greet, Andrew N"]
[Result "1-0"]
[WhiteElo "2285"]
[BlackElo "2444"]
[PlyCount "129"]
[EventDate "2008.01.22"]

1. e4 e5 2. Nf3 Nc6 3. Bb5 a6 4. Ba4 Nf6 5. O-O Be7 6. Re1 b5 7. Bb3 d6 8. c3
O-O 9. h3 Na5 10. Bc2 c5 11. d4 Qc7 12. d5 Bd7 13. b3 Nb7 14. Nbd2 g6 15. Nf1
Nh5 16. Bh6 Rfe8 17. Qd2 Bf6 18. c4 Bg7 19. Be3 Reb8 20. g4 Nf4 21. Bxf4 exf4
22. Qxf4 Re8 23. Rad1 Re7 24. Qd2 Qa5 25. Qxa5 Nxa5 26. Ne3 Rb8 27. Rb1 Be8 28.
Red1 Reb7 29. Ne1 Bd4 30. N1g2 bxc4 31. bxc4 Kg7 32. Rxb7 Rxb7 33. Rb1 Rb4 34.
Rxb4 cxb4 35. Kf1 Nb7 36. Ke2 a5 37. Ne1 Nc5 38. f3 Kf6 39. Nd3 Bd7 40. Nxc5
Bxc5 41. Kd3 Ke5 42. Ng2 g5 43. h4 f6 44. h5 a4 45. Ne1 h6 46. Ng2 Bb6 47. f4+
gxf4 48. Nh4 f5 49. Nf3+ Kf6 50. exf5 Be3 51. Ke4 Be8 52. Ne1 Kg5 53. Kf3 Bd2
54. Nd3 Bd7 55. Nf2 b3 56. axb3 a3 57. Bb1 Bb4 58. Ne4+ Kh4 59. Kxf4 Be8 60. f6
Bf7 61. Kf5 a2 62. Bxa2 Ba3 63. g5 Kxh5 64. Ng3+ Kh4 65. g6 1-0

[Event "Gibtelecom Masters"]
[Site "Gibraltar"]
[Date "2008.01.27"]
[Round "6.35"]
[White "Papadopoulos, Ioannis"]
[Black "Revesz, Zoltan"]
[Result "1-0"]
[WhiteElo "2444"]
[BlackElo "2283"]
[PlyCount "83"]
[EventDate "2008.01.22"]

1. e4 e5 2. Nf3 Nc6 3. Bb5 a6 4. Ba4 Nf6 5. O-O Be7 6. Re1 b5 7. Bb3 O-O 8. a4
Bb7 9. d3 d6 10. Nbd2 Na5 11. Ba2 c5 12. Nf1 b4 13. N3d2 Qc7 14. Ne3 g6 15.
Ndc4 Nc6 16. c3 a5 17. Ng4 Nxg4 18. Qxg4 Bc8 19. Qg3 Bf6 20. f4 Qd8 21. Rf1
bxc3 22. bxc3 exf4 23. Bxf4 Bxc3 24. Rac1 Bd4+ 25. Kh1 Nb4 26. Bb3 d5 27. Bc7
Qe8 28. Nb6 Ra7 29. Bd6 c4 30. Nxc8 Qxc8 31. exd5 c3 32. Bxf8 Qxf8 33. d6 Kh8
34. Qf4 Bg7 35. Qc4 Rd7 36. Rxf7 Rxf7 37. Qxf7 Qxf7 38. Bxf7 Nxd3 39. d7 Bf6
40. Rxc3 Ne5 41. Rc8+ Kg7 42. Be6 1-0

[Event "Gibtelecom Masters"]
[Site "Gibraltar"]
[Date "2008.01.27"]
[Round "6.36"]
[White "Werner, Dimo"]
[Black "Butnorius, Algimantas"]
[Result "0-1"]
[WhiteElo "2293"]
[BlackElo "2441"]
[PlyCount "80"]
[EventDate "2008.01.22"]

1. d4 Nf6 2. c4 e6 3. Nf3 b6 4. Nc3 Bb4 5. Bg5 Bb7 6. Nd2 h6 7. Bh4 c5 8. a3
Bxc3 9. bxc3 d6 10. f3 Nc6 11. e3 Qe7 12. Bd3 g5 13. Bf2 O-O-O 14. Qc2 Nd7 15.
Nb3 f5 16. O-O-O Kb8 17. Kb2 Ka8 18. h4 Qf6 19. Ka2 Ne7 20. Be2 e5 21. Qd2 Nc6
22. f4 gxf4 23. exf4 Rhg8 24. h5 Qf7 25. Bh4 Nf6 26. Rh2 exd4 27. cxd4 Ne4 28.
Qc2 Rde8 29. d5 Nb8 30. Bf3 Nd7 31. g4 Ndf6 32. gxf5 Bc8 33. Nd2 Ng3 34. Bxg3
Rxg3 35. Rf1 Re3 36. Rff2 Ng4 37. Bxg4 Rxa3+ 38. Kb1 Rxg4 39. Ne4 Bxf5 40. Kb2
Re3 0-1

[Event "Gibtelecom Masters"]
[Site "Gibraltar"]
[Date "2008.01.27"]
[Round "6.37"]
[White "Shen Yang"]
[Black "Rasch, Holger"]
[Result "1-0"]
[WhiteElo "2429"]
[BlackElo "2263"]
[PlyCount "63"]
[EventDate "2008.01.22"]

1. d4 d5 2. c4 e6 3. Nf3 c6 4. Qc2 Nf6 5. Bg5 Nbd7 6. e3 Be7 7. Nc3 O-O 8. Rd1
h6 9. Bh4 dxc4 10. Bxc4 b5 11. Be2 Nd5 12. Bg3 Nxc3 13. bxc3 Qa5 14. O-O Bb7
15. e4 Rac8 16. Rfe1 Nb6 17. Bf1 c5 18. Qb3 c4 19. Qc2 Na4 20. Re3 Rfe8 21. Ne5
Ba3 22. Rb1 Ba8 23. h4 a6 24. h5 Qd8 25. Be2 Nb6 26. Bf4 Nd7 27. Rg3 Nxe5 28.
Bxh6 Ng6 29. hxg6 gxh6 30. gxf7+ Kxf7 31. e5 Rh8 32. Qg6+ 1-0

[Event "Gibtelecom Masters"]
[Site "Gibraltar"]
[Date "2008.01.27"]
[Round "6.38"]
[White "Bradford, Joseph M"]
[Black "Rosberg, Simon"]
[Result "1/2-1/2"]
[WhiteElo "2419"]
[BlackElo "2246"]
[PlyCount "61"]
[EventDate "2008.01.22"]

1. Nf3 Nf6 2. g3 b6 3. Bg2 Bb7 4. O-O e6 5. c4 c5 6. Nc3 Be7 7. Re1 d6 8. e4 a6
9. d4 cxd4 10. Nxd4 Qc7 11. Be3 O-O 12. Rc1 Nbd7 13. f4 Rac8 14. b3 Qb8 15. f5
e5 16. Nc2 b5 17. Nd5 Nxd5 18. cxd5 Bd8 19. Qd2 Ba8 20. Bf3 Bb6 21. Kg2 Bxe3
22. Nxe3 Rxc1 23. Rxc1 Rc8 24. Be2 Rxc1 25. Qxc1 f6 26. Kf3 Bb7 27. g4 Kf8 28.
h4 Qc8 29. Qxc8+ Bxc8 30. b4 h6 31. Nd1 1/2-1/2

[Event "Gibtelecom Masters"]
[Site "Gibraltar"]
[Date "2008.01.27"]
[Round "6.39"]
[White "Houska, Jovanka"]
[Black "Urbina Perez, Juan Antonio"]
[Result "1/2-1/2"]
[WhiteElo "2393"]
[BlackElo "2241"]
[PlyCount "91"]
[EventDate "2008.01.22"]

1. d4 Nf6 2. Nf3 e6 3. c4 d5 4. g3 dxc4 5. Bg2 Nc6 6. Qa4 Bd7 7. Qxc4 Bd6 8.
O-O a6 9. Qc2 Rb8 10. Bf4 Qe7 11. Nc3 Nb4 12. Qd2 Bc6 13. a3 Bxf3 14. Bxf3 Nbd5
15. Bg5 Nxc3 16. Qxc3 h6 17. Bd2 O-O 18. Rac1 c6 19. b4 e5 20. dxe5 Bxe5 21.
Qc2 Rfd8 22. Rfd1 Rd7 23. Bg2 Rbd8 24. Be1 Rxd1 25. Rxd1 Rxd1 26. Qxd1 Qd6 27.
Qxd6 Bxd6 28. Bh3 b6 29. Bg2 Nd5 30. e4 Nc7 31. f4 c5 32. e5 Be7 33. Kf2 Nb5
34. a4 Nd4 35. Bc3 Nc2 36. bxc5 Bxc5+ 37. Ke2 b5 38. a5 b4 39. Bb2 Ne3 40. Bb7
Nc4 41. Bc1 b3 42. Bxa6 b2 43. Bxb2 Nxb2 44. Bb5 Kf8 45. a6 Ke7 46. Kd2 1/2-1/2

[Event "Gibtelecom Masters"]
[Site "Gibraltar"]
[Date "2008.01.27"]
[Round "6.40"]
[White "Steel, Henry Robert"]
[Black "Rendle, Thomas E"]
[Result "1/2-1/2"]
[WhiteElo "2241"]
[BlackElo "2393"]
[PlyCount "54"]
[EventDate "2008.01.22"]

1. e4 e6 2. d4 d5 3. Nc3 Bb4 4. e5 c5 5. a3 Bxc3+ 6. bxc3 Qa5 7. Bd2 Qa4 8. Rb1
c4 9. Bc1 Nc6 10. g3 b6 11. Ne2 Bd7 12. Nf4 O-O-O 13. h4 f6 14. Bh3 Re8 15. O-O
Qa5 16. Re1 f5 17. Qd2 g6 18. a4 Qxa4 19. Bb2 Qa6 20. Ra1 Qb7 21. Ba3 Nge7 22.
Bg2 Kb8 23. Reb1 Nd8 24. Bd6+ Ka8 25. Qc1 Nc8 26. Qa3 Bc6 27. Bb4 Rhg8 1/2-1/2

[Event "Gibtelecom Masters"]
[Site "Gibraltar"]
[Date "2008.01.27"]
[Round "6.41"]
[White "Aloma Vidal, Robert"]
[Black "Lyell, Mark"]
[Result "1-0"]
[WhiteElo "2393"]
[BlackElo "2221"]
[PlyCount "81"]
[EventDate "2008.01.22"]

1. d4 d5 2. Nf3 Nc6 3. g3 Bf5 4. Bg2 Nb4 5. Na3 e6 6. c3 Na6 7. O-O Be7 8. Qb3
Qc8 9. Bf4 c6 10. Rac1 h5 11. c4 h4 12. cxd5 exd5 13. Nxh4 Bxh4 14. gxh4 Qd7
15. Bg3 Nf6 16. Nc2 O-O 17. Ne1 Rfe8 18. e3 Ne4 19. Rd1 Re7 20. Nd3 Rae8 21.
Rfe1 Qc8 22. Qa3 Nc7 23. Qxa7 Bg4 24. Rc1 Nd2 25. Ne5 Rxe5 26. dxe5 Nf3+ 27.
Kh1 Nxe1 28. Rxe1 Nb5 29. Qb6 Re7 30. a4 Nc7 31. b4 Na6 32. Rc1 Nb8 33. Qd4 Bh3
34. Bf3 Qe6 35. h5 Nd7 36. b5 Qf5 37. Qf4 Qe6 38. h6 gxh6 39. Rg1 Kh7 40. Bh4
Re8 41. Qg3 1-0

[Event "Gibtelecom Masters"]
[Site "Gibraltar"]
[Date "2008.01.27"]
[Round "6.42"]
[White "Narayanan, Srinath"]
[Black "Wang Yu A"]
[Result "0-1"]
[WhiteElo "2210"]
[BlackElo "2391"]
[PlyCount "132"]
[EventDate "2008.01.22"]

1. e4 e5 2. Nf3 Nc6 3. Bc4 Nf6 4. d3 Be7 5. O-O O-O 6. Re1 d6 7. c3 Na5 8. Bb5
a6 9. Ba4 c5 10. Nbd2 b5 11. Bc2 Nc6 12. Nf1 h6 13. Ng3 Re8 14. h3 Bf8 15. d4
cxd4 16. cxd4 exd4 17. Nxd4 Nxd4 18. Qxd4 Be6 19. Bf4 Rc8 20. Bb3 d5 21. e5 Nd7
22. Rad1 Nb6 23. Nh5 Bc5 24. Qd3 Bxf2+ 25. Kxf2 Qh4+ 26. Kg1 Qxh5 27. Qd4 Nc4
28. Rd3 Qh4 29. Rg3 Na5 30. Qf2 Kh8 31. Rd1 Nxb3 32. axb3 Qh5 33. Rd4 Bf5 34.
Rxd5 Rc2 35. Rd2 Rxd2 36. Qxd2 Qh4 37. Qf2 Be6 38. Rc3 Qxf2+ 39. Kxf2 b4 40.
Rc6 Ra8 41. Be3 Bxb3 42. Bc5 a5 43. Bd6 Kh7 44. g3 h5 45. Ke3 Be6 46. h4 Kg6
47. Kf4 b3 48. Rc7 a4 49. Bb4 Rb8 50. Bd6 Ra8 51. Bb4 Ra6 52. Ke4 a3 53. Bxa3
Rxa3 54. bxa3 b2 55. Rb7 Bf5+ 56. Kf4 b1=Q 57. Rxb1 Bxb1 58. a4 Bf5 59. a5 Bc8
60. Ke4 f6 61. exf6 Kxf6 62. Kf4 Bb7 63. g4 g6 64. Ke3 Ke5 65. g5 Ba6 66. Kf3
Kf5 0-1

[Event "Gibtelecom Masters"]
[Site "Gibraltar"]
[Date "2008.01.27"]
[Round "6.43"]
[White "Foisor, Sabina-Francesca"]
[Black "Danielmeier, Ralf"]
[Result "0-1"]
[WhiteElo "2386"]
[BlackElo "2112"]
[PlyCount "122"]
[EventDate "2008.01.22"]

1. d4 Nf6 2. c4 g6 3. Nc3 d5 4. e3 Bg7 5. Nf3 O-O 6. b4 Be6 7. Qb3 a5 8. b5 c5
9. bxc6 bxc6 10. Ne5 c5 11. Qb7 cxd4 12. exd4 dxc4 13. Be3 Na6 14. Nc6 Qd6 15.
Nb5 Qd7 16. Nxe7+ Kh8 17. Qxd7 Bxd7 18. Nd6 Nb4 19. Bxc4 Be6 20. Bxe6 fxe6 21.
Kd2 Rad8 22. a3 Nc2 23. Nb7 Rd7 24. Nc5 Rxe7 25. Kxc2 Ng4 26. Ne4 Rd7 27. Rad1
Rc8+ 28. Kd3 e5 29. Rc1 Rcd8 30. Nc5 Re7 31. Nb3 exd4 32. Bg5 Nxf2+ 33. Kc4
Rc8+ 34. Kb5 Re5+ 35. Ka4 Rc3 36. Nxd4 Rec5 37. Ne6 R5c4+ 38. Kb5 Nxh1 39. Rxh1
Re4 40. Rd1 h6 41. Rd8+ Kh7 42. Nxg7 hxg5 43. Ne8 Re5+ 44. Ka4 Rc4+ 45. Kb3 Rf4
46. Rd7+ Kg8 47. Nd6 Re3+ 48. Kc2 Rf2+ 49. Kd1 Rxa3 50. Rd8+ Kg7 51. Rd7+ Kf8
52. Ke1 Rxg2 53. Kf1 Rxh2 54. Kg1 Rb2 55. Rf7+ Kg8 56. Rf1 Rg3+ 57. Kh1 Rh3+
58. Kg1 Rhh2 59. Re1 Rbg2+ 60. Kf1 Rh1+ 61. Kxg2 Rxe1 0-1

[Event "Gibtelecom Masters"]
[Site "Gibraltar"]
[Date "2008.01.27"]
[Round "6.44"]
[White "Zhu Chen"]
[Black "Walton, Alan J"]
[Result "0-1"]
[WhiteElo "2548"]
[BlackElo "2207"]
[PlyCount "64"]
[EventDate "2008.01.22"]

1. e4 e6 2. d4 d5 3. Nc3 Nf6 4. e5 Nfd7 5. f4 c5 6. Nf3 Nc6 7. Be3 a6 8. Qd2 b5
9. dxc5 Bxc5 10. Bxc5 Nxc5 11. a3 O-O 12. Bd3 f5 13. exf6 Qxf6 14. O-O Bd7 15.
g3 Rab8 16. Rfe1 h6 17. Bf1 Na4 18. Nd1 g5 19. Ne5 Nxe5 20. fxe5 Qe7 21. b3 Nc5
22. Nf2 Be8 23. b4 Nd7 24. Bd3 Qg7 25. Qe3 Bh5 26. a4 Rf3 27. Qd4 Rbf8 28. Ng4
Bg6 29. Be2 R3f7 30. axb5 h5 31. bxa6 hxg4 32. Bxg4 Be4 0-1

[Event "Gibtelecom Masters"]
[Site "Gibraltar"]
[Date "2008.01.27"]
[Round "6.45"]
[White "Kulago, Alexander"]
[Black "Welling, Gerard"]
[Result "0-1"]
[WhiteElo "2206"]
[BlackElo "2371"]
[PlyCount "52"]
[EventDate "2008.01.22"]

1. Nf3 Nf6 2. c4 d6 3. d4 Nbd7 4. Nc3 e5 5. g3 Be7 6. Bg2 O-O 7. O-O c6 8. e4
a6 9. b3 b5 10. Re1 Bb7 11. d5 cxd5 12. Nxd5 bxc4 13. bxc4 Nc5 14. Nh4 Nxd5 15.
cxd5 Bxh4 16. gxh4 Qxh4 17. Rb1 Bc8 18. Be3 Nxe4 19. Rb4 f5 20. f3 a5 21. Rb6
f4 22. Bd4 Ng5 23. Bf2 Nh3+ 24. Bxh3 Qxh3 25. Rxd6 Bg4 26. fxg4 f3 0-1

[Event "Gibtelecom Masters"]
[Site "Gibraltar"]
[Date "2008.01.27"]
[Round "6.46"]
[White "Wintzer, Joachim"]
[Black "Molina, Antonio"]
[Result "1-0"]
[WhiteElo "2349"]
[BlackElo "2189"]
[PlyCount "103"]
[EventDate "2008.01.22"]

1. c4 g6 2. g3 Bg7 3. Bg2 c5 4. Nc3 Nc6 5. Nf3 e6 6. e3 Nge7 7. d4 cxd4 8. Nxd4
Nxd4 9. exd4 d5 10. cxd5 Nxd5 11. Nxd5 exd5 12. O-O O-O 13. Be3 Be6 14. Qd2 Qd7
15. Rfc1 Rfc8 16. Qa5 a6 17. h4 h5 18. Kh2 Bf6 19. a3 Bd8 20. Qd2 Bf6 21. Bg5
Bg7 22. Bh6 Bf6 23. Bg5 Bg7 24. Bh6 Bf6 25. Qf4 Bh8 26. Qd2 Bf6 27. Qb4 Be7 28.
Qa5 Bd8 29. Qd2 Bf6 30. Bg5 Bg7 31. Qb4 Bf8 32. Qb6 Bg7 33. Bf4 Rxc1 34. Rxc1
Rc8 35. Rc5 Kh7 36. Rxc8 Qxc8 37. Be3 Bf6 38. Kg1 Be7 39. Bf4 Bf8 40. Be5 Qc1+
41. Kh2 Qc2 42. Qxb7 Qxf2 43. Qxa6 Qxb2 44. a4 Bg7 45. Bxg7 Kxg7 46. Qb5 Qxd4
47. a5 Bf5 48. Qxd5 Qxd5 49. Bxd5 Bc8 50. Bc4 Bb7 51. a6 Ba8 52. Bf1 1-0

[Event "Gibtelecom Masters"]
[Site "Gibraltar"]
[Date "2008.01.27"]
[Round "6.47"]
[White "Astaneh Lopez, Alex"]
[Black "Heinis, Vincent"]
[Result "1-0"]
[WhiteElo "2346"]
[BlackElo "2184"]
[PlyCount "61"]
[EventDate "2008.01.22"]

1. Nf3 Nf6 2. g3 g6 3. Bg2 Bg7 4. O-O O-O 5. c4 d6 6. d4 Nc6 7. Nc3 a6 8. Bg5
h6 9. Bxf6 exf6 10. Qd2 Bg4 11. h3 Bxf3 12. Bxf3 Qd7 13. Bg2 f5 14. e3 Rab8 15.
Rfc1 Rfe8 16. Rab1 h5 17. h4 f4 18. gxf4 Qg4 19. Nd5 Ne7 20. Qd1 Qxd1+ 21. Rxd1
c6 22. Nxe7+ Rxe7 23. Kh2 c5 24. dxc5 dxc5 25. b4 Rc8 26. b5 Ra8 27. b6 a5 28.
Rb5 Bf8 29. a4 Ra6 30. Rd8 Re6 31. Rxc5 1-0

[Event "Gibtelecom Masters"]
[Site "Gibraltar"]
[Date "2008.01.27"]
[Round "6.48"]
[White "Dimitrov, Radoslav"]
[Black "Vea, Odin Blikra"]
[Result "1-0"]
[WhiteElo "2341"]
[BlackElo "2168"]
[PlyCount "51"]
[EventDate "2008.01.22"]

1. c4 e5 2. Nc3 Nc6 3. g3 f5 4. Bg2 Nf6 5. d3 Bc5 6. e3 d5 7. cxd5 Nb4 8. e4
O-O 9. Nf3 f4 10. a3 Ng4 11. axb4 Bxf2+ 12. Ke2 fxg3 13. h3 Nh2 14. Rxh2 gxh2
15. Kxf2 Qh4+ 16. Ke2 Qg3 17. Qh1 Rxf3 18. Bxf3 Bxh3 19. Be3 Rf8 20. Bf2 Qf4
21. Bc5 Rf6 22. d6 Bg4 23. Bxg4 Qxg4+ 24. Kd2 cxd6 25. Nd5 Rh6 26. Rf1 1-0

[Event "Gibtelecom Masters"]
[Site "Gibraltar"]
[Date "2008.01.27"]
[Round "6.49"]
[White "Ramaswamy, Aarthie"]
[Black "Kozlov, Oleg"]
[Result "1/2-1/2"]
[WhiteElo "2322"]
[BlackElo "2144"]
[PlyCount "173"]
[EventDate "2008.01.22"]

1. e4 c5 2. Nf3 d6 3. d4 cxd4 4. Nxd4 Nf6 5. Nc3 a6 6. Bg5 e5 7. Nf3 Be6 8. Nd2
Nbd7 9. Bc4 Rc8 10. Bb3 Be7 11. Qe2 O-O 12. O-O Qc7 13. Rfd1 Nc5 14. Nf1 Nxb3
15. axb3 Rfe8 16. Ne3 Qc6 17. Qd3 Rcd8 18. Bxf6 Bxf6 19. Ncd5 Bg5 20. Nc4 h6
21. h3 Rf8 22. Nce3 g6 23. Ra4 Rc8 24. Rc4 Qe8 25. Rxc8 Qxc8 26. Nc4 Rd8 27.
Qg3 Bxd5 28. Rxd5 b5 29. Na3 Bc1 30. Qd3 Bxb2 31. Nb1 b4 32. Nd2 Bd4 33. Nf3
Bb2 34. Nh2 Kg7 35. Ng4 h5 36. Ne3 Qc7 37. Qxa6 Qc3 38. Rd1 Qc5 39. Rd5 Qc3 40.
Rd1 Qc7 41. Qd3 Bd4 42. Nd5 Qc5 43. Qf3 Rf8 44. Qf6+ Kh7 45. Rd2 Qc6 46. Kh2
Bc5 47. Qg5 Kg7 48. Qf6+ Kh7 49. Rd3 Qc8 50. Rf3 Qd8 51. Qxd8 Rxd8 52. Rxf7+
Kg8 53. Rf3 Kg7 54. g3 Ra8 55. c3 bxc3 56. Nxc3 Ra1 57. Kg2 Rc1 58. Rd3 Rc2 59.
Nd1 Kf6 60. Ne3 Rb2 61. h4 Ke6 62. g4 Bxe3 63. Rxe3 hxg4 64. Rg3 Kf6 65. Rd3
Ke6 66. Rg3 Kf7 67. Rd3 Kg7 68. Kg3 Re2 69. Rxd6 Rxe4 70. Rb6 Rd4 71. Rb8 Kf6
72. b4 Kf5 73. b5 Rd3+ 74. Kg2 Rb3 75. b6 Kf6 76. b7 Kg7 77. Kf1 Rb2 78. Ke1 e4
79. Kf1 Kh7 80. Re8 Rxb7 81. Rxe4 Kh6 82. Rxg4 Kh5 83. Ra4 Rb3 84. Kg2 Rc3 85.
f3 Rc1 86. Rg4 Ra1 87. Rb4 1/2-1/2

[Event "Gibtelecom Masters"]
[Site "Gibraltar"]
[Date "2008.01.27"]
[Round "6.50"]
[White "Spence, David J"]
[Black "Ly, Moulthun"]
[Result "1/2-1/2"]
[WhiteElo "2198"]
[BlackElo "2319"]
[PlyCount "115"]
[EventDate "2008.01.22"]

1. e4 e6 2. d4 d5 3. Nc3 Nf6 4. e5 Nfd7 5. f4 c5 6. Nf3 Nc6 7. Be3 a6 8. Qd2 b5
9. a3 Qb6 10. Ne2 Qc7 11. Ng3 Be7 12. Bd3 g6 13. O-O cxd4 14. Nxd4 Nxd4 15.
Bxd4 Nc5 16. Ne2 Bb7 17. Qe3 Rc8 18. g4 h5 19. f5 Nxd3 20. cxd3 hxg4 21. Rac1
Bc6 22. fxe6 fxe6 23. Qf4 Bh4 24. Qxg4 Qe7 25. Qxg6+ Kd7 26. Rf7 Rhg8 27. Rxe7+
Bxe7 28. Qg3 Bh4 29. Qxg8 Rxg8+ 30. Kf1 Be7 31. Bf2 Bg5 32. Rc2 d4 33. Nxd4 Bd5
34. Ne2 Rf8 35. Kg1 Rf3 36. d4 Bc4 37. h4 Bd3 38. Rc3 Bd2 39. Kg2 Bxc3 40. Kxf3
Bxb2 41. Nf4 Bf5 42. h5 Bxa3 43. d5 exd5 44. Nxd5 Bc2 45. h6 Ke6 46. Nc7+ Kxe5
47. Nxa6 Kd6 48. Ke2 Bf5 49. Kd2 Kc6 50. Kc3 Bc1 51. Nb4+ Kb7 52. Nc2 Bxh6 53.
Nd4 Bd7 54. Nxb5 Bxb5 55. Bd4 Kc6 56. Kb2 Kd5 57. Bh8 Kc4 58. Ka1 1/2-1/2

[Event "Gibtelecom Masters"]
[Site "Gibraltar"]
[Date "2008.01.27"]
[Round "6.51"]
[White "Vasvari, Tamas"]
[Black "Vonthron, Horst"]
[Result "0-1"]
[WhiteElo "2174"]
[BlackElo "2308"]
[PlyCount "104"]
[EventDate "2008.01.22"]

1. e4 c5 2. Nf3 d6 3. d4 cxd4 4. Nxd4 Nf6 5. Nc3 a6 6. Bg5 e6 7. f4 Be7 8. Qf3
Nbd7 9. O-O-O Qc7 10. g4 h6 11. Bxf6 Bxf6 12. h4 Qb6 13. Nb3 Nc5 14. Bg2 Nxb3+
15. axb3 Bd7 16. g5 Be7 17. Kb1 O-O-O 18. Qg3 Qc5 19. Rhf1 hxg5 20. hxg5 Bc6
21. Ne2 Bb5 22. c4 Bd7 23. Nd4 Kb8 24. g6 fxg6 25. Qxg6 Bf6 26. Nc2 Be8 27. Qg3
Bc6 28. Ne1 Qb6 29. f5 Be5 30. Qd3 exf5 31. Rxf5 a5 32. Qc2 a4 33. Rd3 Rdf8 34.
c5 Qb4 35. Qd2 Qxc5 36. bxa4 Rxf5 37. exf5 Rh2 38. Qg5 Bxg2 39. Nxg2 Qb4 40.
Rb3 Qe4+ 41. Ka2 Bf6 42. Qg3 Rxg2 43. Qxd6+ Kc8 44. Qf8+ Kd7 45. Qf7+ Be7 46.
Rb4 Qxb4 47. Qd5+ Kc7 48. Qxg2 Qxa4+ 49. Kb1 Qd1+ 50. Ka2 Bf6 51. Qg3+ Kc6 52.
Qe3 Qd5+ 0-1

[Event "Gibtelecom Masters"]
[Site "Gibraltar"]
[Date "2008.01.27"]
[Round "6.52"]
[White "Thomassen, Joachim"]
[Black "Compton, Alistair"]
[Result "1-0"]
[WhiteElo "2308"]
[BlackElo "2132"]
[PlyCount "73"]
[EventDate "2008.01.22"]

1. d4 e6 2. c4 d5 3. Nc3 c5 4. cxd5 exd5 5. Nf3 Nc6 6. g3 Nf6 7. Bg2 Be7 8. O-O
O-O 9. dxc5 Bxc5 10. a3 a6 11. b4 Be7 12. Bb2 Bg4 13. Rc1 Re8 14. Na4 Rc8 15.
Nc5 Bxc5 16. Rxc5 d4 17. h3 Bh5 18. g4 Bg6 19. Nxd4 Nxd4 20. Bxd4 Rxc5 21. bxc5
Ne4 22. e3 Qe7 23. Qa4 Rc8 24. Rc1 Qh4 25. Rf1 Qe7 26. Qb4 f5 27. f3 Nf6 28.
gxf5 Bxf5 29. e4 Bg6 30. Rb1 Rc7 31. Be3 Rd7 32. Bf4 Nh5 33. Bd6 Qd8 34. f4 h6
35. f5 Be8 36. e5 Rf7 37. Qg4 1-0

[Event "Gibtelecom Masters"]
[Site "Gibraltar"]
[Date "2008.01.27"]
[Round "6.53"]
[White "Jaime Montalvan, Luis Feliz"]
[Black "Jaksland, Tim"]
[Result "1/2-1/2"]
[WhiteElo "2170"]
[BlackElo "2294"]
[PlyCount "157"]
[EventDate "2008.01.22"]

1. d4 Nf6 2. c4 g6 3. Nc3 Bg7 4. e4 d6 5. f3 e5 6. Nge2 O-O 7. Be3 exd4 8. Nxd4
Nc6 9. Be2 Re8 10. Qd2 Nh5 11. Nxc6 bxc6 12. O-O c5 13. Rad1 Be6 14. Nd5 Bxd5
15. cxd5 f5 16. b4 cxb4 17. Qxb4 fxe4 18. f4 Rb8 19. Qa4 Rb2 20. Bxh5 gxh5 21.
Rb1 Re2 22. Rfe1 Rxe1+ 23. Rxe1 Rf8 24. Qxe4 Re8 25. Qf3 Qb8 26. Rd1 Qb4 27.
Bf2 Qa4 28. a3 Rf8 29. g3 h4 30. Kg2 Rb8 31. Re1 Qc4 32. Kh3 hxg3 33. hxg3 Qc2
34. Re2 Qf5+ 35. g4 Qb1 36. Kh4 Rb3 37. Qe4 Qxe4 38. Rxe4 Rxa3 39. Rc4 Bf6+ 40.
g5 Bd8 41. Kg4 Kf7 42. Kf5 Ra5 43. Ke4 a6 44. Bd4 Kg6 45. Rc2 Ra4 46. Rh2 h5
47. Rg2 h4 48. f5+ Kh5 49. f6 h3 50. Rg1 h2 51. Rh1 Kxg5 52. f7 Be7 53. Rxh2
Kg6 54. Rf2 Bf8 55. Kd3 Ra3+ 56. Kc4 Rg3 57. Rf6+ Kg5 58. Rf1 Rg4 59. Kc3 a5
60. Ra1 Rg3+ 61. Kc4 Rf3 62. Rxa5 Rxf7 63. Kb5 Bg7 64. Be3+ Kf5 65. Kc6 Ke4 66.
Ba7 Rf1 67. Ra4+ Kf5 68. Kxc7 Be5 69. Rc4 Rh1 70. Kc6 Rb1 71. Bb6 Kf6 72. Bd8+
Kf7 73. Bg5 Rg1 74. Be3 Rg3 75. Bd2 Ke7 76. Ra4 Rg2 77. Ra7+ Ke8 78. Ra8+ Ke7
79. Ra7+ 1/2-1/2

[Event "Gibtelecom Masters"]
[Site "Gibraltar"]
[Date "2008.01.27"]
[Round "6.54"]
[White "Zuse, Klaus-Peter"]
[Black "Lilleoren, Morten"]
[Result "1-0"]
[WhiteElo "2274"]
[BlackElo "2065"]
[PlyCount "97"]
[EventDate "2008.01.22"]

1. e4 c5 2. Nf3 d6 3. d4 cxd4 4. Nxd4 Nf6 5. Nc3 g6 6. g3 Nc6 7. Nde2 Bg7 8.
Bg2 O-O 9. O-O Rb8 10. a4 a6 11. h3 b5 12. axb5 axb5 13. Nd5 b4 14. Kh2 Nd7 15.
Nef4 Nce5 16. Nd3 Nxd3 17. cxd3 e6 18. Ne3 Qc7 19. f4 Bb7 20. d4 Ra8 21. Rxa8
Rxa8 22. f5 exf5 23. exf5 Bxg2 24. Kxg2 Ra1 25. Qc2 Qb7+ 26. d5 Nc5 27. Qc4 Qa6
28. Qxa6 Rxa6 29. f6 Bh6 30. Nc4 Bxc1 31. Rxc1 Nd7 32. Rf1 Ne5 33. Re1 h6 34.
Nxe5 dxe5 35. Rxe5 Rxf6 36. Re4 Rb6 37. Kf3 f5 38. Rd4 Kf7 39. Ke3 Ke7 40. Kd3
Kd6 41. Kc4 Rb7 42. Rd3 g5 43. Re3 Re7 44. Rxe7 Kxe7 45. Kxb4 Kd6 46. Kc4 Ke5
47. Kc5 f4 48. gxf4+ gxf4 49. d6 1-0

[Event "Gibtelecom Masters"]
[Site "Gibraltar"]
[Date "2008.01.27"]
[Round "6.55"]
[White "Osuna Vega, Enrique"]
[Black "Tscharotschkin, Michael"]
[Result "1-0"]
[WhiteElo "2146"]
[BlackElo "2272"]
[PlyCount "73"]
[EventDate "2008.01.22"]

1. d4 e6 2. c4 d5 3. cxd5 exd5 4. Nc3 c6 5. Nf3 Bd6 6. Bg5 Ne7 7. e3 Qb6 8. Qd2
Bf5 9. Bh4 Ng6 10. Bg3 Be7 11. Be2 Nd7 12. O-O h5 13. h3 Nf6 14. Ne1 h4 15. Bh2
Qd8 16. Bd3 Bxd3 17. Nxd3 Bd6 18. Bxd6 Qxd6 19. b4 Nd7 20. Nc5 Rb8 21. Nxd7
Qxd7 22. a4 Ne7 23. b5 Rh6 24. Rfc1 g5 25. Qe2 Rg6 26. bxc6 Rxc6 27. Qh5 Rg6
28. Qh8+ Rg8 29. Qe5 Rc8 30. Nb5 Kf8 31. Rxc8+ Qxc8 32. Nd6 Qc6 33. Qf6 Rg7 34.
Rb1 b6 35. Kh2 Qc7 36. Kg1 Ng8 37. Qxg7+ 1-0